|
|
|
|
| LEADER |
00000nab a2200000 a 4500 |
| 001 |
vtls001517342 |
| 003 |
SK-MaSNL |
| 005 |
20260304223135.0 |
| 008 |
141122c2004 xo 0 slo |
| 015 |
|
|
|a SNBCL2005/2
|
| 035 |
|
|
|a SLK030321
|
| 040 |
|
|
|a SLKCL
|b slo
|c SNKBUCL
|e AACR2
|
| 041 |
|
|
|a slo
|
| 044 |
|
|
|a xo
|c SK
|
| 080 |
|
|
|a 616.61:613.2:612.015.3:061.3
|2 1981
|
| 100 |
1 |
|
|a Mydlík, Miroslav,
|d 1932-2018
|4 aut
|9 13514
|
| 245 |
1 |
0 |
|a 12. medzinárodný kongres pre výživu a metabolizmus pri chorobách obličiek, 18.-22. júna 2004, Padova, Abano Terme, Benátky (Taliansko)
|c M. Mydlík, K. Derzsiová
|
| 650 |
0 |
7 |
|a kongresy
|2 MESH
|9 19200
|
| 650 |
0 |
7 |
|a zlyhanie obličiek
|2 MESH
|9 20926
|
| 650 |
0 |
7 |
|a výživa
|2 MESH
|9 2615
|
| 650 |
0 |
7 |
|a dietoterapia
|2 MESH
|9 22112
|
| 650 |
0 |
7 |
|a poruchy metabolizmu vápnika
|2 MESH
|9 203132
|
| 650 |
0 |
7 |
|a poruchy metabolizmu fosforu
|2 MESH
|9 27738
|
| 700 |
1 |
|
|a Derzsiová, Katarína
|4 aut
|9 1223496
|
| 773 |
0 |
|
|t Vnitřní lékařství
|g Roč. 50, č. 10 (2004), s. 798-799
|x 0042-773X
|
| 850 |
|
|
|a Slovenská lekárska knižnica v Bratislave
|a BA006
|
| 852 |
|
|
|a BA006
|b KIS3GCP
|b 000500000
|
| 999 |
|
|
|c 3166552
|d 3168482
|